Drainage of highway pavements / (Record no. 528125)
[ view plain ]
| 000 -LEADER | |
|---|---|
| fixed length control field | 00318nam a22001337a 4500 |
| 003 - CONTROL NUMBER IDENTIFIER | |
| control field | NUST |
| 038 ## - RECORD CONTENT LICENSOR | |
| Staff Name | M.Ramzan |
| 082 ## - DEWEY DECIMAL CLASSIFICATION NUMBER | |
| Classification number | 625.734 |
| Author Mark | JOH |
| 100 ## - MAIN ENTRY--PERSONAL NAME | |
| Personal name | Johnson, Frank L |
| 9 (RLIN) | 19700 |
| 245 ## - TITLE STATEMENT | |
| Title | Drainage of highway pavements / |
| Statement of responsibility, etc. | Frank L, Johnson |
| 260 ## - PUBLICATION, DISTRIBUTION, ETC. | |
| Place of publication, distribution, etc. | Mclean |
| Name of publisher, distributor, etc. | FHWA |
| 300 ## - PHYSICAL DESCRIPTION | |
| Extent | 151 P, : |
| Dimensions | 25cm |
| 942 ## - ADDED ENTRY ELEMENTS (KOHA) | |
| Source of classification or shelving scheme | |
| Koha item type | Book |
| Withdrawn status | Lost status | Source of classification or shelving scheme | Damaged status | Not for loan | Permanent Location | Current Location | Date acquired | Total Checkouts | Full call number | Barcode | Date last seen | Price effective from | Koha item type |
|---|---|---|---|---|---|---|---|---|---|---|---|---|---|
| School of Civil and Environmental Engineering (SCEE) | School of Civil and Environmental Engineering (SCEE) | 08/29/2019 | 625.734 JOH | NIT-10245 | 08/29/2019 | 08/29/2019 | Book |
